[Event "Hoogeveen Essent op"]
[Site "Hoogeveen"]
[Date "2000.10.18"]
[Round "6"]
[White "Mikhalevski, Victor"]
[Black "Tiviakov, Sergei"]
[Result "1/2-1/2"]
[WhiteElo "2532"]
[BlackElo "2608"]
[Annotator "Tiviakov,S"]
[PlyCount "38"]
[EventDate "2000.10.13"]
[EventType "swiss"]
[EventRounds "9"]
[EventCountry "NED"]
[SourceTitle "CBM 078 Extra"]
[Source "ChessBase"]
[SourceDate "2000.11.10"]
[SourceVersion "1"]
[SourceVersionDate "2000.11.10"]
[SourceQuality "1"]

1. d4 Nf6 2. c4 e6 3. g3 d5 4. Nf3 Bb4+ 5. Bd2 Be7 6. Bg2 c6 7. Qc2 O-O 8. O-O
b6 9. Bf4 Bb7 10. Rd1 Na6 {[#]} (10... Nbd7) 11. Nc3 (11. Ne5 Nd7 $5 (11... Qc8
12. Nc3 c5 13. dxc5 Bxc5 14. Bg5 d4 15. Nb5 Bxg2 16. Kxg2 Nb4 17. Qb1 Nc6 18.
Bxf6 gxf6 19. Nf3 e5 20. e3 dxe3 21. fxe3 Qg4 22. e4 Rad8 23. Qc2 Rxd1 24. Rxd1
Rd8 25. h3 Qc8 26. Nc3 Rxd1 27. Qxd1 Qe6 28. Nh4 Nd4 29. Nd5 f5 30. exf5 Nxf5
31. Qg4+ Ng7 32. Qg5 Kf8 33. Nf3 e4 34. Ne5 Ne8 35. Ng4 Qg6 36. Qe5 f5 37. Ngf6
Nxf6 38. Nxf6 Be7 39. Nd7+ Ke8 40. c5 $138 {0-1 Smejkal,J-Wirthensohn,H/
Altensteig 1990/CBM 20 (40)}) (11... Rc8 $5 12. Nc3 Nd7 (12... dxc4 13. Nxc4 b5
14. Qb3 Nb4 15. Ne5 Qb6 16. Bg5 Rfd8 17. Ne4 Nbd5 18. Bxf6 Bxf6 19. Rac1 Ne7
20. Nxf6+ gxf6 21. Ng4 Kg7 22. Qf3 f5 23. Ne5 Ng6 24. Qe3 Kg8 25. b4 Rd6 26.
Nf3 a5 27. a3 Qd8 28. h4 axb4 29. axb4 f4 30. Qc3 fxg3 31. fxg3 f5 32. Ra1 Rc7
33. Qe3 Rg7 34. Kh2 f4 35. gxf4 Nxh4 36. Rg1 Nxf3+ {1-0 Kozul,Z-Dizdar,G/Graz
1994/EXT 98}) 13. Qa4 Nxe5 14. Bxe5 f6 15. Bf4 g5 16. Be3 f5 17. f4 g4 18. h3
gxh3 19. Bf3 Rf6 20. Kf2 dxc4 21. Qxc4 Nb4 22. Rh1 a5 23. Rxh3 Bf8 24. Rah1 h6
25. Qb3 Ba6 26. g4 fxg4 27. Bxg4 Nd5 28. Ne4 Rg6 29. Bh5 Rg7 30. Bf3 Rf7 31.
Rg3+ Kh8 32. Rg6 Bg7 33. Ng5 Rf6 34. Qc2 Qe7 35. Rxf6 Nxf6 36. Qg6 Rf8 37. d5
exd5 38. Bxb6 Qe8 39. Rxh6+ Bxh6 40. Qxh6+ Kg8 41. e3 Qe7 42. Bd4 Bd3 43. Qh3
Re8 44. a3 Qg7 45. Ke1 Qg6 46. Bg4 c5 47. Be6+ Kg7 48. Be5 Rh8 49. Qg2 Be4 50.
Qg3 Rh1+ 51. Kd2 d4 52. Nxe4 dxe3+ 53. Kxe3 {1-0 Komljenovic,D-Pogorelov,R/
Cordoba 1994/EXT 97 (53)}) (11... c5 12. dxc5 Bxc5 13. cxd5 exd5 14. Nc3 Qe7
15. Qf5 Qe6 16. Qxe6 fxe6 17. Nd3 Nb4 18. Nxc5 bxc5 19. Nb5 Ne8 20. Rac1 Na6
21. Bh3 Bc8 22. e4 Bd7 23. a4 d4 24. b4 Nxb4 25. Rxc5 d3 26. Bd2 Na6 27. Rc3
Nf6 28. f3 e5 29. Bf1 Rfd8 30. Bxd3 Be6 31. Be3 Nb4 32. Be2 Rxd1+ 33. Bxd1 Rd8
34. Be2 a5 35. Rc5 Bb3 36. Nc3 Nc2 37. Kf2 Rf8 38. h3 Nd7 39. Rc7 Nf6 40. Rc5
Be6 41. Bf1 h5 42. Rxe5 Rc8 43. Rc5 Rb8 44. Nb5 Nb4 45. Nd4 Bxh3 46. Rxa5 Bxf1
47. Kxf1 Rc8 48. Rb5 Nc2 49. Nxc2 Rxc2 50. a5 Ra2 51. Bd4 Nh7 52. Rb7 Nf6 53.
Bxf6 gxf6 54. Rb5 h4 55. gxh4 Kg7 56. h5 Kh6 57. Rf5 Kg7 58. Ke1 {1-0 Gulko,
B-Chandler,M/Hastings 1988/CBM 11 (58)})) (11. Nbd2 Rc8 12. e4 c5 13. exd5 exd5
14. Bh3 Nb4 15. Qb3 dxc4 16. Nxc4 Qd5 17. Bg2 Qh5 18. dxc5 Bxc5 19. Bd6 Ng4 20.
Bxc5 Qxc5 21. Ne3 Nxe3 22. Qxe3 Qxe3 23. fxe3 Nc2 24. Rac1 Nxe3 25. Rxc8 Rxc8
26. Rd7 Be4 27. Ne1 Nxg2 28. Nxg2 g5 29. Ne3 a5 30. Ng4 Kg7 31. Ne5 Rc1+ 32.
Kf2 Rc2+ 33. Ke3 Bg6 34. Rd2 Rc5 35. Kd4 Rb5 36. b3 Bf5 37. Nc4 Be6 38. Ne3
Rb4+ 39. Kc3 Re4 40. Nc2 h5 41. Rd6 b5 42. Nd4 b4+ 43. Kd3 Re1 44. Nxe6+ fxe6
45. Ra6 Re5 46. Kd4 Kf6 47. Kc4 Kf5 48. Ra8 Kg4 49. Rh8 Re2 {0-1 Giemsa,
S-Dizdar,G/Hamburg 1993/EXT 97 (49)}) (11. a3 Rc8 (11... dxc4 $5) 12. Nc3 dxc4
13. Ne5 Nd5 14. Nxc4 Nxf4 15. gxf4 Nc7 16. e3 Nd5 17. Ne5 Bd6 18. Rac1 c5 19.
Nxd5 cxd4 20. Qd3 Rxc1 21. Rxc1 Bxe5 22. fxe5 Bxd5 23. Bxd5 Qxd5 24. Qxd4 Qf3
25. Rc7 h5 26. Rxa7 Rc8 27. Rc7 Rxc7 28. Qd8+ Kh7 29. Qxc7 Qd1+ 30. Kg2 Qg4+
31. Kf1 Qd1+ 32. Kg2 Qg4+ {1/2-1/2 Horvath,J-Yegiazarian,A/Ljubljana 1995/CBM
51 (32)}) 11... dxc4 $1 12. Ne5 Nd5 13. Nxc4 Nxf4 14. gxf4 Nb4 15. Qd2 $146 (
15. Qb3 Nd5 16. e3 Rc8 $11 17. Ne5 Rc7 18. Rac1 Qb8 19. Ne4 c5 20. dxc5 bxc5
21. Qb5 Ba8 22. Qxb8 Rxb8 23. b3 Nb4 24. Rd2 f5 25. Ng5 Bxg5 26. fxg5 Bxg2 27.
Kxg2 Nd5 28. Rdc2 Nb4 29. Rxc5 Rxc5 30. Rxc5 Nxa2 31. Ra5 Nc1 32. b4 Rd8 33.
Rxa7 Nd3 34. Nc6 Rd6 35. b5 Nc5 36. Ra8+ Kf7 37. Ne5+ Ke7 38. Ra7+ Kf8 39. Rf7+
Ke8 40. Rxg7 Rb6 41. Rxh7 {1-0 Khalifman,A-Wirthensohn,H/Nurnberg rapid 1990 
(41)}) 15... Nd5 16. Rac1 (16. e4 Nxc3 $13) 16... f5 17. Nxd5 (17. Ne5 Bd6 $11)
17... cxd5 18. Qe3 Qd7 19. Ne5 Qd6 $11 1/2-1/2

[Event "Dortmund 46th"]
[Site "Dortmund"]
[Date "2018.07.21"]
[Round "6"]
[White "Meier, Georg"]
[Black "Nisipeanu, Liviu Dieter"]
[Result "1-0"]
[WhiteElo "2628"]
[BlackElo "2672"]
[Annotator "Trent,L"]
[PlyCount "97"]
[EventDate "2018.07.14"]
[EventType "tourn"]
[EventRounds "7"]
[EventCountry "GER"]
[EventCategory "19"]
[SourceTitle "CBM 186"]
[Source "ChessBase"]
[SourceDate "2018.09.14"]
[SourceVersion "1"]
[SourceVersionDate "2018.09.14"]
[SourceQuality "1"]

1. c4 e6 2. g3 d5 3. Bg2 Nf6 4. Nf3 Be7 5. d4 O-O 6. Nc3 $5 {An interesting
move order. The heavily analysed mainline begins with 6.0-0:} (6. O-O dxc4 7.
Ne5 Qd6 8. Na3 Rd8 9. Naxc4 Qa6 10. Qc2 Rxd4 11. Bg5 Nbd7 12. Rfd1 Rxd1+ 13.
Rxd1 Nxe5 14. Nxe5 Qa5 15. Bf4 Nd5 16. Be4 g6 17. Bh6 Qc5 18. Qd2 Qb4 19. Qc2
Qc5 20. Qd3 Qd6 21. Nc4 Qc5 22. Qf3 c6 23. Bd3 Nf6 24. e4 e5 25. Be3 Qb4 26.
Nxe5 Qxb2 27. Bf4 Be6 28. Rb1 Qxa2 29. Rxb7 Bc5 30. Kg2 Re8 31. h3 Bxf2 32.
Qxf2 Bxh3+ 33. Kg1 Qxf2+ 34. Kxf2 Rxe5 35. Bxe5 Ng4+ 36. Kg1 Nxe5 37. Be2 Kg7
38. Rxa7 Kf6 39. Ra5 Bd7 40. Kf2 Ke6 41. Ke3 Kd6 42. Ra1 h5 43. Rd1+ Ke7 44.
Kd4 f6 45. Kc5 Bh3 46. Ra1 Bg2 47. Ra4 Ke6 48. Rd4 Nf3 49. Rd8 Ng5 50. Bc4+ Ke7
51. Rg8 Nxe4+ 52. Kxc6 Nd6+ 53. Kc5 Nxc4 54. Kxc4 Kf7 {1/2-1/2 (54) Kramnik,V 
(2800)-Mamedyarov,S (2809) Berlin 2018}) 6... dxc4 7. Ne5 Qd6 $5 {This idea
was seen most recently played by Mamedyarov in the Candidates (with 0-0
instead of Nc3). Black avoids mass exchanges and puts the queen on a6. Meier,
a strong theoretician, seems to believe that this move order benefits White
and by the looks of this game, he is absolutely right.} 8. O-O $5 (8. Nxc4 {
is most played} Qa6 9. Qb3 Nc6 10. e3 Rb8 11. Qb5 Qxb5 12. Nxb5 Nb4 13. O-O Bd7
14. Nc3 Rfc8 {0-1 (45) Svidler,P (2727)-Kramnik,V (2777) Skopje 2015 CBM 169 
[Roiz,M]; and Black was more than ok and indeed went on to win.}) 8... Qa6 {
So White sacrifices a pawn but has an idea up his sleeve.} 9. a4 $5 {
Threatening to simply play Nb5 and exploit the weakness on c7.} Rd8 $5 (9...
Nc6 $5 10. Nb5 Nxe5 11. dxe5 Rd8 12. Qc2 Nd5 13. Qxc4 c6 14. Nd6 Qxc4 15. Nxc4
b6 16. Bd2 Ba6 17. Rfc1 {½-½ (17) Efimenko,Z (2647)-Kravtsiv,M (2623) Lvov
2015 seemed like perfectly acceptable play. It would be interesting to know
what improvement Georg had found.}) 10. Nb5 Ne8 11. Qc2 Nc6 12. Qxc4 $5 Nxd4
13. Be3 Nf5 14. Bc5 Bxc5 15. Qxc5 {White sacrifices another pawn to maintain
decent pressure and it seems to work out very well.} Qb6 (15... Bd7 $5 16. Nxc7
Nxc7 17. Qxc7 Qd6 18. Rfc1 Rac8 19. Qxd6 Nxd6 20. Rxc8 Bxc8 {was a way to
cleanly equalise.}) 16. Qxb6 axb6 17. Rfd1 Nfd6 18. Rac1 $36 f6 19. Nc4 Bd7 $6
(19... Rxa4 $5 20. b3 Rxc4 21. Rxc4 Rd7 $1 22. Nxd6 Nxd6 23. Ra4 Re7 24. Ra8
Re8 {seemed like a decent attempt for Black to construct a fortress of sorts.})
20. Nxc7 $1 Bxa4 21. Rxd6 $1 Nxd6 22. Nxd6 {The point, White wins two pieces
for the rook.} Ra7 23. Nc4 Rd1+ 24. Rxd1 Bxd1 {The dust has settled and White
is clearly better. What's more, Georg loves playing these positions so it is
no surprise he managed to convert from here.} 25. Nxe6 Ra1 26. Bd5 Bxe2+ 27.
Kg2 Bxc4 28. Bxc4 Kf7 29. Nd4+ Ke7 30. Nf5+ Kf8 31. b3 Rd1 32. Ne3 Rd2 33. h4
g6 34. g4 Rb2 35. Nd1 Rd2 36. Nc3 Rd4 37. Kg3 Rd8 38. f3 Kg7 39. Kf4 Rd2 40.
Ne4 Rd1 {Black is simply helpless and White can improve his positions slowly
but surely.} 41. h5 b5 42. Be6 Rh1 43. Bd5 b6 44. hxg6 hxg6 45. Nc3 b4 46. Na2
g5+ $2 {A critical mistake under huge pressure.} ({It seems as though Black
still had chances to hold after} 46... Re1 $1 47. Be4 g5+ 48. Kf5 Re3 49. Nxb4
Rxb3 50. Nd5 $16 {and even though this is no fun, Black should probably be
able to hold with correct play.}) 47. Ke3 {Now b4 falls and Black can't even
win the b3-pawn.} Kf8 48. Nxb4 Ke7 49. Be4 {Nd5 is coming next and either b6
or f6 falls so Black understandbly threw in the towel.} 1-0

[Event "Dov Porath Memorial"]
[Site "Givataim"]
[Date "1998.06.08"]
[Round "6"]
[White "Mikhalevski, Victor"]
[Black "Tsesarsky, Ilya"]
[Result "1-0"]
[WhiteElo "2545"]
[BlackElo "2425"]
[Annotator "Tsesarsky,I"]
[PlyCount "63"]
[EventDate "1998.05.10"]
[EventType "swiss"]
[EventRounds "7"]
[EventCountry "ISR"]
[SourceTitle "CBM 065"]
[Source "ChessBase"]
[SourceDate "1998.08.06"]
[SourceVersion "1"]
[SourceVersionDate "1998.08.06"]
[SourceQuality "1"]

1. d4 Nf6 2. c4 e6 3. g3 d5 4. Bg2 Be7 5. Nf3 O-O 6. Qc2 a6 (6... b6 7. cxd5
exd5 8. Nc3 $14) 7. Nbd2 b6 $1 $146 {After Nbd2 Queen-Indian scheme is
exceptable for Black} 8. e4 $5 {White tryes to use a "slow play" - a7-a6,b7-b6
-of Black , but the last move doesn't provide advantage for White} (8. O-O Bb7
9. Ne5 Qc8 $5 (9... Nbd7 10. cxd5 Nxe5 11. dxe5 Nxd5 12. a3 c5 13. Rd1 Qb8 14.
e4 Nc7 15. Nc4 $14) (9... c5 $1 10. dxc5 Qc7 11. Nd3 (11. Ndf3 Bxc5 12. Rd1 (
12. cxd5 $4 Bxf2+) 12... Bd6 13. Bf4 b5 $17) 11... bxc5 12. Nf3 Nbd7 13. Bf4
Qa5 14. Rfd1 Rfd8 $11) 10. Ndf3 (10. cxd5 exd5 11. Ndf3 c5 12. Bf4 Nbd7 13.
Rfd1 Ne4 14. Bh3 f5 15. Rac1 Nxe5 16. Bxe5 Qe6 17. Bg2 Rac8 18. Qa4 b5 19. Qa5
c4 $132) 10... dxc4 11. Nxc4 Be4 12. Qb3 Bd5 13. Qc2 Be4 $11 (13... Qb7 14. Bg5
Nbd7 15. Ncd2 Rfc8 16. e4 Bc6 17. Ne5 $16)) 8... dxc4 9. Nxc4 (9. e5 Nd5 10.
Qxc4 (10. Ne4 Nb4 11. Qxc4 Qd5 12. Qe2 Qb5 13. Qd2 Nd3+ 14. Kd1 Nb4 (14... Bb7
15. Nc3 $16) 15. Nc3 $13) 10... Bd7 11. Qc2 (11. a4 b5 $15) 11... Bb5 12. a3 c6
13. Ne4 h6 14. h4 Nd7 $15) (9. Ng5 $2 Qxd4 10. O-O Qd3 $17) (9. Qxc4 Bd7 10.
Ne5 (10. a4 b5 $15) 10... Bb5 (10... c5 $6 11. Nxd7 Qxd7 12. dxc5 Bxc5 13. O-O
Rc8 14. Qe2 Nc6 15. Nb3 Nd4 16. Nxd4 Bxd4 (16... Qxd4 17. Rd1 Qe5 18. Bf4 Qh5
19. Bf3 Qg6 20. e5 Nd5 21. Bxd5 exd5 22. Rxd5 $16) 17. Rd1 e5 18. Be3 $16) 11.
Qc3 c5 $132) 9... Bb7 10. e5 Nd5 (10... Be4 11. Qe2 Bxf3 12. Bxf3 Nd5 13. O-O
$14) 11. O-O Nd7 12. h4 h6 (12... Nb4 13. Qe2 c5 14. Rd1 $14) 13. Qe4 Kh8 (
13... c5 $5 14. Qg4 Kh8 15. dxc5 $5 (15. Qh5 b5 16. Nd6 Bxd6 17. Bxh6 N7f6 (
17... g6 18. Qg4 Bc7 $15) (17... gxh6 18. Qxh6+ Kg8 19. Ng5 N5f6 20. exf6 Nxf6
21. Bxb7 $18) 18. exf6 Nxf6 19. Bxg7+ Kxg7 20. Qg5+ Kh7 21. dxc5 Be7 $17) 15...
Nxc5 16. Rd1 Rc8 17. Bd2 Qe8 $132 (17... Qc7 18. Rac1 $14)) 14. Qg4 $6 $15 (14.
a3 $132) (14. Rd1 $132) 14... Qe8 $6 $132 (14... Nb4 $1 15. a3 (15. Qh5 Be4 (
15... Bd5 16. Ne3 $132) 16. Bxh6 (16. Bg5 Bg6 17. Bxe7 Qxe7 18. Qg4 Bd3 19.
Rfc1 Nc2 $17) 16... Bg6 17. Bxg7+ Kxg7 18. Qg4 Rh8 $17) 15... Nc2 16. Ra2 b5
17. Na5 Bd5 18. b3 c5 19. Nc6 Bxc6 20. Rxc2 Bd5 $15) 15. Bd2 Rc8 $6 (15... Rd8
16. Rac1 c5 17. dxc5 (17. Rfd1 b5 18. Na5 Ba8 19. Re1 (19. dxc5 Nxc5 20. Qh5 f5
21. Qxe8 Rfxe8 22. Be1 Na4 23. b3 Nac3 24. Bxc3 Nxc3 25. Rxd8 Bxd8 26. Rxc3
Bxa5 $15) 19... c4 $15) 17... Nxc5 18. Rfd1 f5 19. exf6 Nxf6 20. Qh3 Nd3 $17)
16. Rac1 Ba8 (16... Rd8 $5) 17. Kh2 b5 18. Na5 c5 19. dxc5 Nxc5 20. Nd4 $8 (20.
Rfd1 $2 f5 $1 21. exf6 Nxf6 $19) 20... f5 (20... Nd3 21. Rxc8 Qxc8 22. Qh5 N5b4
(22... Nxb2 23. Bxh6 $16) 23. Bxa8 Qxa8 24. Bxh6 gxh6 25. Qxh6+ Kg8 26. Nxe6
fxe6 27. Qg6+ Kh8 28. Qh6+ $11) (20... Rd8 21. Rfd1 f5 22. Qe2 Qd7 (22... Qf7
23. Nac6 $16) 23. b4 Ne4 24. Nac6 Rc8 25. Nxe7 Qxe7 $132) 21. exf6 Nxf6 22. Qe2
Bxg2 23. Kxg2 Qd7 (23... Nfe4 24. Nxe6 $14) 24. Nf3 $138 Qd5 $6 $138 (24... Qd3
$1 25. Qxd3 (25. Rfe1 Ng4 26. Bb4 Qf5 27. Nb7 Nd3 28. Rxc8 Nxe1+ 29. Nxe1 Rxc8
30. Bxe7 Qd5+ 31. Qf3 Rc7 32. Nc5 Rxe7 33. Nxa6 Ne5 $17) 25... Nxd3 26. Rc3 (
26. Rxc8 Rxc8 27. Bc3 Nd5 $15) (26. Rc6 Rxc6 27. Nxc6 Bd6 28. Bc3 Ng4 $15)
26... Rxc3 27. Bxc3 Ng4 28. Nc6 Bc5 29. Ncd4 Rf6 (29... e5 30. Ne6 Rc8 $132)
30. Nc2 Rf7 (30... Rxf3 $2 31. Kxf3 Nh2+ 32. Ke2 Nxf1 33. Kxd3 Kg8 (33... Bxf2
34. Ke2 $16) 34. Nd4 $14) 31. Nfd4 e5 32. Nc6 Bxf2 33. Nxe5 Ngxe5 34. Bxe5 Nxe5
35. Rxf2 Rxf2+ 36. Kxf2 Nd3+ 37. Ke3 Nxb2 $15) 25. Rfd1 Qxa2 $2 (25... Qh5 26.
Be3 Nd5 27. Bxc5 Rxc5 28. Rxc5 Bxc5 29. Nb3 Bb6 30. Nbd4 Qg4 31. Nxe6 Ne3+ 32.
fxe3 Qxe6 33. e4 Qxa2 34. Rd6 Bc7 35. Rc6 Bb8 36. Nd4 $132) (25... Qd3 26. Qxd3
Nxd3 27. Rxc8 Rxc8 28. Bc3 $14) 26. Bb4 Nce4 $4 $18 (26... Qa4 27. Ra1 $1 (27.
Rd4 Nb3 28. Nxb3 Bxb4 29. Rxc8 (29. Nc5 Qa5 30. Nb3 Qa4 $11) 29... Rxc8 30.
Qxe6 Re8 31. Qf7 Rf8 32. Qe6 Re8 $11) 27... Qxb4 28. Rd4 $14) (26... Nd5 27.
Ra1 Qxa1 28. Rxa1 Nxb4 29. Ne5 Rf6 30. Rd1 $16) 27. Bxe7 Qxa5 28. Bxf8 Rxf8 29.
Rd4 Qa2 30. Rxe4 Nxe4 31. Qxe4 Qxb2 32. Rc2 1-0

[Event "Bundesliga 0001"]
[Site "Germany"]
[Date "2001.03.10"]
[Round "10.2"]
[White "Muse, Mladen"]
[Black "Kalka, Arkadius Georg"]
[Result "1/2-1/2"]
[WhiteElo "2510"]
[BlackElo "2378"]
[Annotator "Tsesarsky,I"]
[PlyCount "131"]
[EventDate "2000.10.14"]
[EventType "team-tourn"]
[EventRounds "15"]
[EventCountry "GER"]
[SourceTitle "CBM 082"]
[Source "ChessBase"]
[SourceDate "2001.05.17"]
[SourceVersion "1"]
[SourceVersionDate "2001.05.17"]
[SourceQuality "1"]
[WhiteTeam "Koenig Tegel"]
[BlackTeam "Gelsenkirchen Koenigsspringer"]
[WhiteTeamCountry "GER"]
[BlackTeamCountry "GER"]

1. Nf3 d5 2. c4 c6 3. Qc2 Nf6 4. g3 Nbd7 5. d4 e6 6. Bg2 b6 7. O-O Bb7 8. Nbd2
Be7 9. Rd1 ({interesting game in this variation was played about 3 week after
our game:} 9. e4 $5 dxe4 10. Nxe4 c5 11. Nxf6+ Nxf6 12. dxc5 Bxc5 13. b4 Be7
14. Ne5 Bxg2 15. Qa4+ Kf8 16. Kxg2 Qd4 17. Bf4 g5 18. Nf3 Qxc4 19. Bxg5 Kg7 20.
Rac1 (20. a3 $5 $14 {[%csl Rg7]}) 20... Qxb4 21. Bxf6+ Kxf6 22. Qa6 $44 {
1/2-1/2 Filippov,V-Malakhov,V/Bled SLO 2001/The Week in Chess 334 (53)}) 9...
O-O 10. b3 {after this move Black equalizes.} (10. e4 $142 $5 Rc8 11. e5 {
-see detailed commented game  1-0 Iljushin,A-Kharlov,A/Samara 2000/CBM 78
[Tsesarsky,I] (57)}) 10... c5 $11 11. Bb2 Rc8 {[%cal Gc8c2]} 12. e3 (12. dxc5
Bxc5 $11) 12... b5 ({Black can simplify this equal position by} 12... cxd4 13.
exd4 (13. Nxd4 Qc7 $11 {[%cal Gd5c4]}) 13... Rc7 $11 {[%cal Gd8a8]}) 13. dxc5
Bxc5 (13... dxc4 14. bxc4 Bxc5 15. Qb3 b4 16. a3 a5 $132) 14. Qb1 Qb6 $6 $14 {
Black overlooked a little tactical action:} ({Equal position after} 14... bxc4
15. bxc4 Qb6 $11) 15. b4 $1 Be7 (15... Bxb4 $2 16. Bxf6 $16 {[%csl Rb4]}) 16.
c5 {[%csl Gc5]} Qc7 17. Nd4 ({I would prefer} 17. Nb3 $14 {[%cal Ga2a4,Gb3a5]})
17... a6 18. a4 bxa4 19. Rxa4 Rfe8 (19... Nb8 20. Qa1 $14) 20. Qa1 Bf8 21. Bf1
(21. c6 $6 Bxc6 22. Rc1 Qb7 23. Rxa6 Nb8 24. Ra2 Bd7 $132 (24... Qxb4 25. Ba3
Qb7 26. Bxf8 Rxf8 27. Rb2 Qd7 28. Rxb8 Rxb8 29. Nxc6 Ra8 $14)) (21. Rxa6 $6
Bxa6 22. Qxa6 Ra8 23. Qd3 Reb8 $15) 21... Nb8 22. b5 $5 {Interesting tactical
impact} ({Worth of attention also} 22. N2b3 e5 23. Nc2 Ne4 24. Na5 Ba8 25. Ne1
$16 {[%csl Re5][%cal Ge1d3,Gf1g2,Gd3e5]}) 22... axb5 (22... Bxc5 23. bxa6 Ba8
$16) 23. Nxb5 Qd8 ({Badly is to take a "poisoned" P:} 23... Qxc5 $2 24. Bxf6
gxf6 25. Rg4+ Bg7 26. Qxf6 Qf8 27. Nd6 Nd7 28. Rxg7+ Qxg7 29. Qxg7+ Kxg7 30.
Nxb7 $18) 24. Na7 $5 {White wins exchange for P, but position is too
complicated for exact evaluation.} (24. Bxf6 Qxf6 25. Qxf6 gxf6 26. Nd6 Bxd6
27. cxd6 {This position looks OK for Black: Pd6 is weak, no piece is
vulnerable...but Black had to work for equalizing:} Red8 (27... Bc6 28. Ra7 (
28. Rb4) 28... Rcd8 (28... Red8 29. Rc7 $22 $18) 29. Bg2 $132 Rxd6 $4 30. Ne4
$18) 28. Ra7 Rd7 (28... Bc6 29. Rc7) 29. Bb5 Bc6 30. Rxd7 Bxd7 31. Rb1 Bxb5 32.
Rxb5 Rd8 33. e4 dxe4 34. Nxe4 f5 35. Nc5 $14) 24... Rxc5 25. Bd4 Nc6 26. Bxc5
Bxc5 27. Nb5 ({Good also} 27. Rb1 {[%cal Gb1b7]} Qc7 28. Qc3 Nd7 29. Nb5 $16)
27... e5 28. Nb3 ({Or} 28. Bg2 $16) 28... Bf8 (28... Bb6 29. Bg2 $16) 29. Nc3
Qb6 30. Rb1 (30. Nxd5 $2 Nxd5 31. Rxd5 Nb4 (31... Qxb3 32. Rb5 $18) 32. Rb5 Qc6
33. Rxb7 $8 Qxb7 34. Ra7 Qd5 $132) (30. Bg2 $1 {[%cal Gg2b7]} Nb4 (30... Rd8
31. Na5 Nxa5 32. Rxa5 $16) (30... Qxb3 31. Rb1 Qc2 32. Rxb7 $16) 31. Na5 Ba8
32. Rb1 $16) 30... Bb4 $2 $18 {After this mistake Black's position is hopeless,
though, maybe a little hope remains...} (30... Qc7 31. Bg2 $16) 31. Na2 d4 {
Despair} (31... Bd6 32. Na5 $18 {[%csl Rb7]}) 32. exd4 Ng4 33. Be2 $2 {White
starts to play terrible...} ({Why not} 33. Bg2 Nxf2 34. Nxb4 $18) 33... Nxf2 $1
34. Kxf2 $4 $132 ({Wins by force} 34. Nxb4 Nh3+ 35. Kf1 Nxb4 36. Rxb4 Qxb4 37.
Nc5 Qxd4 38. Qxd4 exd4 39. Rxb7 $18) 34... Nxd4 $4 ({Right was} 34... exd4 $1
35. Bf3 d3+ 36. Kf1 Re2 $13) 35. Nxd4 exd4 36. Raxb4 ({Or} 36. Rbxb4 Qh6 37.
Qf1 d3 38. Kg1 dxe2 39. Qxe2 Qc6 $3 (39... Rxe2 40. Ra8+ $18) 40. Qxe8+ Qxe8
41. Rxb7 Qe3+ 42. Kg2 Qe2+ $11) 36... Qf6+ $4 $18 ({Strong was} 36... Qh6 $1
$11 {[%cal Gh6e3,Gh6h2] threatening Qe3+ and Qxh2+} 37. Qb2 Qxh2+ 38. Ke1 Qg1+
39. Kd2 Qe3+ 40. Kd1 Qg1+ 41. Kd2 $11) 37. Ke1 Qf3 $1 38. Nc1 (38. R4b2 Qh1+
39. Kd2 Rxe2+ 40. Kxe2 Qg2+ $11 {White can't avoid perpetuum check.}) 38... d3
39. Qa2 $4 $132 {Instead of this mistake} ({Strong was} 39. Qb2 $1 dxe2 40.
Nxe2 Qh1+ (40... Bc8 41. Rf4 $18) 41. Kd2 Rxe2+ (41... Qxh2 42. Re1 Qf2 43. Qd4
$18) 42. Kxe2 Qg2+ 43. Kd3 Qf3+ 44. Kc2 Qe2+ 45. Kb3 Qd3+ 46. Ka2 Bd5+ 47. Rb3
$18 (47. Ka1 Qa6+ $19)) 39... Qh1+ 40. Kd2 dxe2 41. Nxe2 $4 $19 ({Right was
only} 41. Nd3 $1 Qxh2 $1 (41... e1=Q+ 42. Rxe1 Qxh2+ 43. Kc3 Rc8+ 44. Rc4 $18)
42. Re1 Qxg3 43. Qa7 (43. Rxb7 Qe3+ $19) 43... Bf3 44. Qd4 h5 $13) 41... Rxe2+
42. Kxe2 Qxh2+ 43. Ke3 Qxa2 44. Rxb7 h5 {This position is lost for White, but
we'll see one more miracle in this game...} 45. R7b2 Qe6+ 46. Kf2 Qh3 47. Rb4
g5 48. R1b3 Kg7 49. Kg1 Qd7 $6 ({Very simple plan - to exchange Pg3 on Ph5-
would lead to victory:} 49... g4 50. Rb7 h4 51. gxh4 Qxh4 52. Kg2 Kg6 $19 {
[%cal Gf7f5]}) 50. Rb2 Qd1+ 51. Kg2 Qd5+ 52. Kh2 Qf3 53. R4b3 Qf1 54. Rb5 Kg6
55. Rb6+ f6 56. R6b4 Kf5 (56... g4 57. R4b3 f5 $1 ({not} 57... Qh3+ $4 58. Kg1
h4 59. Rh2) {Here badly is} 58. Rb6+ (58. Ra2 h4 $19) 58... Kg5 59. Rg6+ Kxg6
60. Rb6+ Kf7 61. Rf6+ Ke7 62. Re6+ Kd7 63. Rd6+ Kc7 64. Rc6+ Kb7 65. Rb6+ Ka7
66. Rb7+ Ka6 67. Ra7+ Kb6 68. Rb7+ Ka5 69. Ra7+ Qa6 $19) 57. Rb5+ Ke6 58. Rb6+
Ke5 59. R6b5+ Kd6 60. Rd2+ Ke6 61. Rb4 f5 62. Rb6+ Ke5 63. Rbb2 g4 $4 $11 ({
Wins easily} 63... f4 64. gxf4+ Qxf4+ 65. Kg2 Qe4+ 66. Kg1 Qe3+ 67. Kg2 Kf6 $19
) 64. Re2+ Kf6 (64... Kd5 65. Rbd2+ Kc4 66. Rc2+ $11 {with perpetuum check})
65. Rb6+ Kg5 (65... Kf7 66. Rb7+ $11) 66. Rg6+ {We have already seen this idea.
..} (66. Rg6+ Kxg6 67. Re6+ Kf7 68. Re7+ Kf6 69. Re6+ $11) 1/2-1/2